Statistics for NBA: 76ers Scoring Leaders Every Season

Click here to take the quiz!

General Stats

  • This quiz has been taken 28 times
  • The average score is 48 of 74

Answer Stats

SeasonPPGPositionAnswer% Correct
202333.1CJoel Embiid
100%
202230.6CJoel Embiid
100%
202128.5CJoel Embiid
100%
202023.0CJoel Embiid
100%
201927.5CJoel Embiid
100%
201822.9CJoel Embiid
100%
201720.2CJoel Embiid
100%
200231.4GAllen Iverson
88%
200327.6GAllen Iverson
88%
200426.4GAllen Iverson
88%
200530.7GAllen Iverson
88%
200633.0GAllen Iverson
88%
200731.2GAllen Iverson
88%
200131.1GAllen Iverson
88%
199926.8GAllen Iverson
88%
199822.0GAllen Iverson
88%
199723.5GAllen Iverson
88%
200028.4GAllen Iverson
88%
196824.3CWilt Chamberlain
83%
196724.1CWilt Chamberlain
83%
196633.5CWilt Chamberlain
83%
196530.1CWilt Chamberlain
83%
198224.4FJulius Erving
79%
198124.6FJulius Erving
79%
198026.9FJulius Erving
79%
197923.1FJulius Erving
79%
197820.6FJulius Erving
79%
197721.6FJulius Erving
79%
198324.5CMoses Malone
79%
198422.7CMoses Malone
79%
198524.6CMoses Malone
79%
198623.8CMoses Malone
79%
199127.6FCharles Barkley
71%
198925.8FCharles Barkley
71%
198828.3FCharles Barkley
71%
198723.0FCharles Barkley
71%
199223.1FCharles Barkley
71%
199025.2FCharles Barkley
71%
196222.8GHal Greer
71%
196319.5GHal Greer
71%
196423.3GHal Greer
71%
197223.3FBilly Cunningham
63%
196924.8FBilly Cunningham
63%
197123.0FBilly Cunningham
63%
197026.1FBilly Cunningham
63%
195016.8FDolph Schayes
58%
195722.5FDolph Schayes
58%
195921.3FDolph Schayes
58%
196022.5FDolph Schayes
58%
196123.6FDolph Schayes
58%
195620.4FDolph Schayes
58%
195518.5FDolph Schayes
58%
195417.1FDolph Schayes
58%
195317.8FDolph Schayes
58%
195824.9FDolph Schayes
58%
195213.8FDolph Schayes
58%
195117.0FDolph Schayes
58%
200819.9FAndre Iguodala
50%
200918.8FAndre Iguodala
50%
201017.1FAndre Iguodala
50%
201617.5CJahlil Okafor
38%
201317.7GJrue Holiday
33%
197320.0GFred Carter
29%
197421.4GFred Carter
29%
197521.9GFred Carter
29%
201417.9FThaddeus Young
29%
201115.0FElton Brand
25%
197623.0FGeorge McGinnis
21%
201214.9GLou Williams
21%
199418.4FClarence Weatherspoon
17%
199320.3GHersey Hawkins
17%
199520.6GDana Barros
13%
199619.2GJerry Stackhouse
13%
201516.9GTony Wroten
8%

Score Distribution

Percentile by Number Answered

Percent of People with Each Score

Your Score History

You have not taken this quiz